000 00889nmm a2200277 a 4500
001 ocm000884543
003 TR-IsHL
005 20201028144139.0
008 141121s1992 tu tur
007 cr cn
020 _a9789757814009
035 _a884543
_b(N$T)
050 0 4 _aPR9369.3
_bT53T8S69 1992
090 0 4 _aPR9369.3
_bT53T8S69 1992
100 1 _aTlali, Miriam
245 1 0 _aSoweto öyküleri
_h[electronic resource] /
_cMiriam Tlali ; çev. Ahmet Fethi
260 _aİstanbul :
_bPencere Yayınları,
_c1992
300 _a129 p.
650 4 _aDil ve Edebiyat
650 4 _aLanguage and Literature
650 0 _aKuzey Afrika
_xRoman
650 0 _aSoweto (South Africa)
_xFiction
650 7 _aLITERARY CRITICISM / African
_2bisacsh
700 1 _aFethi, Ahmet
856 4 0 _uhttp://search.ebscohost.com/login.aspx?direct=true&scope=site&db=e011xww&AN=884543
999 _c9275
_d9275